La nuit de A à Z - Statistiques

Statistiques générales
  • Ce quiz a été pris 677 fois
    547 depuis la dernière actualisation
  • Le résultat moyen est 14 sur 26
Statistiques - réponses
Indices Réponse % Correct
Elles scintillent dans le ciel E Etoiles
96%
La fin de la nuit A Aube Aurore
94%
Ce qu'on devrait y faire D Dormir
94%
Un rapace de nuit qui vole en silence H Hibou
89%
L'astre nocturne L Lune
84%
Contraire du yang, symbole de l'obscurité, la passivité Y Yin
81%
Un endroit pour danser jusqu'au bout de la nuit B Boîte de nuit
80%
Le milieu de la nuit M Minuit
76%
Le tout début de la nuit C Crépuscule
74%
La nuit est faite pour cela R Repos
71%
Le bruit des gens qui font bien le D Z Zzzz
70%
Lorsqu'il n'y a pas de lumière O Obscurité / Obscur
65%
C'est la nuit la plus courte de l'année S Solstice d'hiver ou Sainte Lucie
63%
Utilisés par les chauves-souris pour se diriger dans le noir U Ultrasons
49%
Ils sont attirés par les ampoules P Papillons
47%
Il est payé beaucoup plus cher la nuit T Travail
47%
Un moment passé ensemble en début de nuit avant d'aller au lit V Veillée
47%
Quelqu'un qui voit bien la nuit N Nyctalope
46%
Oiseau nocturne sans ailes K Kiwi
35%
On les allume la nuit en hiver avant Noël I Illuminations
32%
Un spectacle tonitruant F Feu d'artifice
30%
Sur un bateau ou pour monter la garde, le moment où on est éveillé à son tour Q Quart
27%
Pierre noire comme la nuit J Jais
17%
La constellation qui a la forme de cette lettre W Cassiopée
14%
Jadis, il fallait les allumer le soir pour avoir de la lumière dans les rues G Bec de gaz
10%
Compositeur grec de l’œuvre "Nuits" en hommage aux prisonniers politiques grecs X Iannis Xénakis
2%
Aucun quiz correspondant
Distribution des résultats
% des personnes avec chaque résultat
Percentile par nombre de réponses
Votre historique - résultats
Vous n’avez pas pris ce quiz depuis la dernière actualisation